000
00325 a2200157 4500
001
56406
020
_a
9788502072978
040
_c
Anchieta - Pituba
100
_a
Bizerril, Marcelo
240
1
0
_a
Outros 500
_l
por
245
1
0
_a
Outros 500
300
_a
112
362
0
_a
2008
650
4
_a
Literatura juvenil
942
_c
BK
999
_c
56406
_d
56406